000 00434cam a2200145 4500500
005 20251012032442.0
041 _afre
042 _adc
100 1 0 _aBaladier, Charles
_eauthor
245 0 0 _aNicole LapierreĀ : Changer de nom
260 _c1999.
500 _a81
786 0 _nSigila | 4 | 2 | 1999-12-20 | p. 189-191 | 1286-1715
856 4 1 _uhttps://shs.cairn.info/revue-sigila-1999-2-page-189?lang=fr&redirect-ssocas=7080
999 _c1547316
_d1547316